000 00420nam a2200157Ia 4500
008 240729s9999 xx 000 0 und d
022 _a2542-7849
245 0 _aSaudi Journal of Oral Sciences
260 _aIndia
260 _bWolters Kluwer Medknow Publications
650 _a Dentistry
650 _aMedicine
856 _uhttps://doaj.org/toc/b6c396b885d04e4ba0f2ccd8c2fc8b08
942 _2ddc
942 _cDOAJEJ
999 _c70260
_d70260
945 _a1
_bMadushi Gamage
_c1
_dMadushi Gamage